000 01024nam a22002297a 4500
005 20151005110436.0
008 151005b2015 ck |||||r|||| 00| 0 spa d
020 _a9789585856646
040 _aCO-BoIAVH
_cCO-BoIAVH
041 0 _aspa
044 _ack
090 _aEA-
_b315
110 2 _aCorporación Autónoma Regional de Boyacá
245 1 _aImplementación de proyectos ciudadanos de educación ambiental PROCEDAS /
_cCorporación Autónoma de Boyacá
260 _aBoyacá (Departamento, Colombia):
_bCorporación Autónoma Regional de Boyacá,
_c2015.
300 _a36 páginas :
_bilustraciones y fotografías a color ;
_c22 cm.
650 6 _aEducación ambiental
_zBoyacá (Departamento, Colombia)
650 6 _aConservación del medio ambiente
_xParticipación social
_zBoyacá (Departamento, Colombia)
650 6 _aConservación del medio ambiente
_vProyectos
_xParticipación social
_zBoyacá (Departamento, Colombia)
710 2 _aONG Planeta vivo
942 _2z
_cFolleto
999 _c17829
_d17829